| 000 | 01160nab a2200217 i 4500 | ||
|---|---|---|---|
| 001 | 768714001 | ||
| 003 | CO-MdFUSB | ||
| 005 | 20240606160733.0 | ||
| 008 | 240606t1979 ag ||||| |||| 00| 0 spa d | ||
| 040 |
_bspa _cCO-MdFUSB _dCO-MdFUSB |
||
| 041 | _aspa | ||
| 100 | 1 |
_aPadilla, C. René _d1932- _eautor |
|
| 245 |
_aVivir o tener _c/ C. René Padilla |
||
| 520 | _aLa búsqueda de la riqueza es incompatible con la búsqueda del Reino de Dios. Tan incompatible que, según afirma Jesús, "no se puede servir a Dios y al dinero." ¿Será por eso que tanta de su enseñanza toca el tema de las posesiones? ¿Y no es sintomático que tantos cristianos hoy día des- conocen por completo lo que Jesús enseñó al respecto? El autor toma como base "la Parábola del Rico insensato", en Lucas 12: 16 - 21 | ||
| 630 | 0 | 7 |
_aBiblia. _vLucas _xCrítica, interpretación, etc. |
| 650 | 7 |
_aHermenéutica bíblica _97333 |
|
| 650 | 7 |
_aDios _9178 |
|
| 773 | 0 |
_069974 _982719 _dBuenos Aires _oR2611 _tCerteza _w(CO-MdFUSB)768714001 _gNúmero 72, (enero - marzo, 1979) páginas: 249 - 251 _qpágina: 249 |
|
| 942 | _cANA | ||
| 945 | _aCatherine Arias Álvarez - Practicante SENA | ||
| 999 |
_c70076 _d70076 |
||